Pictorial presentation of Indian flora / (Record no. 12237)
[ view plain ]
| 000 -LEADER | |
|---|---|
| fixed length control field | 00415cam a2200169ua 4500 |
| 041 ## - LANGUAGE CODE | |
| Language code of text/sound track or separate title | eng |
| 082 ## - DEWEY DECIMAL CLASSIFICATION NUMBER | |
| Classification number | 581 |
| Item number | ARA/PI |
| 100 ## - MAIN ENTRY--AUTHOR NAME | |
| Personal name | Arachi, J.X . |
| 245 00 - TITLE STATEMENT | |
| Title | Pictorial presentation of Indian flora / |
| 260 ## - PUBLICATION, DISTRIBUTION, ETC. (IMPRINT) | |
| Place of publication | Madras : |
| Name of publisher | Higgin Bothams , |
| Year of publication | 1968. |
| 300 ## - PHYSICAL DESCRIPTION | |
| Number of Pages | 190 ; . |
| 942 ## - ADDED ENTRY ELEMENTS (KOHA) | |
| Koha item type | Books |
| Withdrawn status | Lost status | Damaged status | Home library | Current library | Date acquired | Full call number | Accession Number | Koha item type |
|---|---|---|---|---|---|---|---|---|
| KAUAET | KAUAET | 22/08/1986 | 581 ARA/PI | 15500 | Books |
